[Event "Manavgat Turkey Cup"]
[Site "Manavgat"]
[Date "2016.02.02"]
[Round "6"]
[White "Karayel, Atagun"]
[Black "Civi, Akin"]
[Result "1-0"]
[WhiteElo "1919"]
[BlackElo "1679"]
[PlyCount "131"]
[EventDate "2016.01.30"]
[EventType "swiss"]
[EventRounds "11"]
[EventCountry "TUR"]
[SourceTitle "CBM 170 Extra"]
[Source "ChessBase"]
[SourceDate "2016.02.25"]
[SourceVersion "1"]
[SourceVersionDate "2016.02.25"]
[SourceQuality "1"]

1. d4 c5 2. d5 Nf6 3. Nc3 d6 4. e4 g6 5. Bb5+ Bd7 6. a4 Bg7 7. Nf3 0-0 8. h3 Bxb5 9. axb5 Nbd7 10. 0-0 a6 11. bxa6 Rxa6 12. Rxa6 bxa6 13. Qd3 Qb6 14. Nd2 Ne5 15. Qe2 Nh5 16. Nb3 c4 17. Nd4 Nd3 18. cxd3 Bxd4 19. Rd1 cxd3 20. Rxd3 Rb8 21. Na4 Qb4 22. b3 Bg7 23. Bd2 Qb5 24. Qe3 Nf6 25. Rc3 e6 26. dxe6 fxe6 27. Rd3 Bh6 28. Qd4 Bxd2 29. Rxd2 Rf8 30. Qxd6 Qxb3 31. Nc5 Qb1+ 32. Kh2 Qb8 33. e5 Qxd6 34. Rxd6 Nh5 35. Nxe6 Rxf2 36. Rd8+ Kf7 37. Rf8+ Kxe6 38. Rxf2 Kxe5 39. Ra2 Nf4 40. Rxa6 Ne6 41. Kg3 Kf5 42. Kf3 h5 43. Ra5+ Kf6 44. Ke4 Ng5+ 45. Kd5 Nf7 46. Ra6+ Kf5 47. Ra1 Nh6 48. Rf1+ Kg5 49. g3 Nf5 50. Rf3 Ne7+ 51. Ke5 Nc6+ 52. Kd5 Ne7+ 53. Ke6 Nf5 54. Ra3 Nd4+ 55. Kf7 Nc6 56. Kg7 Kf5 57. Rf3+ Kg5 58. Rf4 h4 59. Rg4+ Kf5 60. Rxg6 Ne5 61. Rf6+ Kg5 62. Re6 Nf3 63. Rg6+ Kf5 64. Rf6+ Ke4 65. Rxf3 Kxf3 66. gxh4 1-0

[Event "Manavgat Turkey Cup"]
[Site "Manavgat"]
[Date "2016.02.01"]
[Round "4"]
[White "Karayel, Atagun"]
[Black "Ersoy, Emre"]
[Result "1-0"]
[WhiteElo "1919"]
[BlackElo "1625"]
[PlyCount "69"]
[EventDate "2016.01.30"]
[EventType "swiss"]
[EventRounds "11"]
[EventCountry "TUR"]
[SourceTitle "CBM 170 Extra"]
[Source "ChessBase"]
[SourceDate "2016.02.25"]
[SourceVersion "1"]
[SourceVersionDate "2016.02.25"]
[SourceQuality "1"]

1. c4 e6 2. Nf3 Nf6 3. e3 c5 4. b3 Nc6 5. Bb2 d5 6. cxd5 exd5 7. Bb5 Bd6 8. d4 0-0 9. dxc5 Bxc5 10. 0-0 Bg4 11. Bxc6 bxc6 12. Nc3 Qe7 13. Rc1 Rac8 14. Qd3 Bxf3 15. gxf3 Bd6 16. Ne2 Rfe8 17. Nd4 Qe5 18. f4 Qh5 19. f3 c5 20. Nf5 Qg6+ 21. Kf2 c4 22. bxc4 dxc4 23. Qc2 Qh5 24. Bxf6 gxf6 25. Rg1+ Kf8 26. Nxd6 Qxh2+ 27. Rg2 Qh4+ 28. Ke2 Qh3 29. Rcg1 Qe6 30. Nxe8 c3 31. Rg8+ Ke7 32. Qe4 c2 33. Qxe6+ fxe6 34. R1g7+ Kd8 35. Nc7# 1-0

[Event "TUR-chT2"]
[Site "Konya"]
[Date "2015.07.31"]
[Round "9.6"]
[White "Karayel, Atagun"]
[Black "Kucukdogerli, Murat Can"]
[Result "1-0"]
[WhiteElo "1929"]
[BlackElo "1859"]
[PlyCount "37"]
[EventDate "2015.07.25"]
[EventType "team-swiss"]
[EventRounds "9"]
[EventCountry "TUR"]
[SourceTitle "EXT 2017"]
[Source "ChessBase"]
[SourceDate "2016.10.25"]
[SourceVersion "1"]
[SourceVersionDate "2016.10.25"]
[SourceQuality "1"]
[WhiteTeam "Karaman Belediye"]
[BlackTeam "Ankara Ego"]
[WhiteTeamCountry "TUR"]
[BlackTeamCountry "TUR"]

1. Nf3 Nf6 2. g3 g6 3. Bg2 Bg7 4. 0-0 0-0 5. c4 d6 6. d4 Nbd7 7. Nc3 e5 8. e4 Re8 9. h3 exd4 10. Nxd4 Nc5 11. Re1 a5 12. Ndb5 Nfd7 13. Be3 Ne6 14. f4 Bf8 15. Qd2 Nb8 16. f5 Ng7 17. Nd5 Na6 18. Bg5 Be7 19. f6 1-0

[Event "TUR-chT2"]
[Site "Konya"]
[Date "2015.07.27"]
[Round "4.9"]
[White "Karayel, Atagun"]
[Black "Bacak, Muhammed Kaan"]
[Result "0-1"]
[WhiteElo "1929"]
[BlackElo "1970"]
[PlyCount "82"]
[EventDate "2015.07.25"]
[EventType "team-swiss"]
[EventRounds "9"]
[EventCountry "TUR"]
[SourceTitle "CBM 167 Extra"]
[Source "ChessBase"]
[SourceDate "2015.09.14"]
[SourceVersion "1"]
[SourceVersionDate "2015.09.14"]
[SourceQuality "1"]
[WhiteTeam "Karaman Belediye"]
[BlackTeam "Karaman Saglik"]
[WhiteTeamCountry "TUR"]
[BlackTeamCountry "TUR"]

1. d4 d5 2. Nc3 Nf6 3. Bf4 Bf5 4. f3 e6 5. g4 Bg6 6. h4 h6 7. e3 Bb4 8. Bd3 Bxd3 9. Qxd3 c5 10. dxc5 Qa5 11. Nge2 Nbd7 12. 0-0-0 Nxc5 13. Qb5+ Ke7 14. g5 hxg5 15. hxg5 Nfd7 16. Bc7 Qxc7 17. Qxb4 Qe5 18. Qf4 Qxf4 19. exf4 Rxh1 20. Rxh1 g6 21. Kd2 Nb6 22. Nd1 Nc4+ 23. Kc3 Nd6 24. b3 Rc8 25. Kd2 b5 26. Ne3 b4 27. Ng4 Nd7 28. Nd4 Nf5 29. Nxf5+ gxf5 30. Ne5 Nxe5 31. fxe5 Rc3 32. Rh4 a5 33. a3 Rxf3 34. axb4 axb4 35. Rxb4 Rg3 36. Rb7+ Kf8 37. b4 f4 38. Ke2 Rxg5 39. Kf3 Rxe5 40. Kxf4 Re4+ 41. Kg5 Kg7 0-1

[Event "TUR-chT2"]
[Site "Konya"]
[Date "2015.07.26"]
[Round "2.6"]
[White "Karayel, Atagun"]
[Black "Catalkilic, Ozgur"]
[Result "1/2-1/2"]
[WhiteElo "1929"]
[BlackElo "1907"]
[PlyCount "83"]
[EventDate "2015.07.25"]
[EventType "team-swiss"]
[EventRounds "9"]
[EventCountry "TUR"]
[SourceTitle "CBM 167 Extra"]
[Source "ChessBase"]
[SourceDate "2015.09.14"]
[SourceVersion "1"]
[SourceVersionDate "2015.09.14"]
[SourceQuality "1"]
[WhiteTeam "Karaman Belediye"]
[BlackTeam "Canakkale Gokceada"]
[WhiteTeamCountry "TUR"]
[BlackTeamCountry "TUR"]

1. e4 c5 2. Na3 Nf6 3. e5 Nd5 4. Nf3 e6 5. g3 d6 6. exd6 Bxd6 7. Bg2 0-0 8. 0-0 Nc6 9. Nc4 Bc7 10. d4 Qe7 11. dxc5 Qxc5 12. b3 b5 13. Ba3 b4 14. Bb2 Ba6 15. Ng5 Rad8 16. Qg4 e5 17. Rfe1 Nf6 18. Ne4 Nxe4 19. Qxe4 Nd4 20. Nxe5 Bxe5 21. Qxe5 Qxe5 22. Rxe5 Nxc2 23. Rc1 Rd6 24. Rg5 g6 25. Ra5 Re8 26. Rxa6 Rxa6 27. Rxc2 Rxa2 28. Bf1 Rd8 29. Re2 a5 30. Kg2 h5 31. Bf6 Rxe2 32. Bxe2 Rd2 33. Bb5 Kf8 34. h3 Rd6 35. Bb2 Rd2 36. Bc1 Rc2 37. Be3 Rc8 38. Kf3 Ke7 39. Bb6 Rc3+ 40. Ke4 Rxb3 41. Bxa5 Rb2 42. Bb6 1/2-1/2

[Event "Manavgat Turkey Cup"]
[Site "Manavgat"]
[Date "2015.02.05"]
[Round "8"]
[White "Ozer, Omer Faruk"]
[Black "Karayel, Atagun"]
[Result "0-1"]
[WhiteElo "2034"]
[BlackElo "1910"]
[PlyCount "99"]
[EventDate "2015.01.31"]
[EventType "swiss"]
[EventRounds "11"]
[EventCountry "TUR"]
[SourceTitle "CBM 164 Extra"]
[Source "ChessBase"]
[SourceDate "2015.03.02"]
[SourceVersion "1"]
[SourceVersionDate "2015.03.02"]
[SourceQuality "1"]

1. e4 c5 2. Nf3 Nf6 3. Nc3 d5 4. exd5 Nxd5 5. Bb5+ Bd7 6. Ne5 Bxb5 7. Qf3 f6 8. Qxd5 Qxd5 9. Nxd5 Na6 10. c4 e6 11. cxb5 exd5 12. bxa6 fxe5 13. axb7 Rb8 14. 0-0 Bd6 15. d3 Rxb7 16. b3 Rf8 17. Re1 Re7 18. Ba3 Kf7 19. Rac1 Rc8 20. Re2 Rec7 21. Rce1 Re7 22. g3 g5 23. g4 Kg6 24. Bb2 Rce8 25. f3 h5 26. gxh5+ Kf5 27. Rg2 Rh8 28. Rg4 Rxh5 29. Re2 Rh3 30. Rg3 Rh6 31. Reg2 Rh5 32. Bc1 Rg7 33. Rg4 Rg6 34. Ra4 Rh7 35. Be3 d4 36. Bd2 g4 37. Ra6 Rhg7 38. Rg3 gxf3 39. Rxd6 Rxg3+ 40. hxg3 Rxg3+ 41. Kf1 f2 42. Kxf2 Rxd3 43. Ke2 Rg3 44. Be1 Re3+ 45. Kd2 Rh3 46. Ra6 Rh2+ 47. Kd1 Ke4 48. Rxa7 Kd3 49. Rg7 e4 50. Rg1 0-1

[Event "Manavgat Turkey Cup"]
[Site "Manavgat"]
[Date "2015.02.03"]
[Round "6"]
[White "Karayel, Atagun"]
[Black "Seyhanoglu, Deniz"]
[Result "1-0"]
[WhiteElo "1910"]
[BlackElo "2026"]
[PlyCount "149"]
[EventDate "2015.01.31"]
[EventType "swiss"]
[EventRounds "11"]
[EventCountry "TUR"]
[SourceTitle "CBM 164 Extra"]
[Source "ChessBase"]
[SourceDate "2015.03.02"]
[SourceVersion "1"]
[SourceVersionDate "2015.03.02"]
[SourceQuality "1"]

1. d4 d5 2. c4 e6 3. Nc3 c5 4. cxd5 exd5 5. Nf3 Nc6 6. dxc5 d4 7. Na4 b5 8. cxb6 axb6 9. e3 Bb4+ 10. Bd2 Bxd2+ 11. Qxd2 Nge7 12. Bb5 0-0 13. Nxd4 Nxd4 14. Qxd4 Qxd4 15. exd4 Rd8 16. Rd1 Bb7 17. 0-0 Nf5 18. Nc3 Nxd4 19. Bd3 Ne6 20. Rfe1 Kf8 21. a3 Ra5 22. Be4 Rxd1 23. Rxd1 Bxe4 24. Nxe4 Ke7 25. Nc3 Nc7 26. g3 g6 27. Kg2 h5 28. h4 Rc5 29. Rd4 Ke6 30. Re4+ Kd7 31. Rf4 f5 32. Rd4+ Kc6 33. Rd8 Re5 34. Kf3 Re6 35. Ne2 Rf6 36. Nc3 Re6 37. Ne2 Kc5 38. Rc8 Kd6 39. Nf4 Re1 40. Rd8+ Ke7 41. Rd2 Ne6 42. Nd5+ Kf7 43. Nxb6 g5 44. hxg5 Re4 45. Kg2 Nxg5 46. f3 Re3 47. Nc4 Rb3 48. Ne5+ Ke6 49. Nd3 Kf6 50. a4 Ne6 51. Kf2 Nc7 52. Ke3 Ne6 53. Ke2 Nd4+ 54. Kf2 Ne6 55. Rd1 Nd4 56. Ke3 Nc2+ 57. Kf2 Nb4 58. Nxb4 Rxb2+ 59. Ke3 Rxb4 60. Ra1 f4+ 61. gxf4 Kf5 62. a5 Rb3+ 63. Kf2 Kxf4 64. Ra4+ Kf5 65. a6 Rb8 66. a7 Ra8 67. Kg3 Rg8+ 68. Kh3 Ra8 69. Kh4 Kf6 70. Kxh5 Kf5 71. Kh4 Rh8+ 72. Kg3 Ra8 73. f4 Kf6 74. Kf3 Kf5 75. Ra6 1-0

[Event "Manavgat Turkey Cup"]
[Site "Manavgat"]
[Date "2015.02.01"]
[Round "3"]
[White "Rzayev, Askar Aliakbar"]
[Black "Karayel, Atagun"]
[Result "0-1"]
[WhiteElo "2065"]
[BlackElo "1910"]
[PlyCount "226"]
[EventDate "2015.01.31"]
[EventType "swiss"]
[EventRounds "11"]
[EventCountry "TUR"]
[SourceTitle "CBM 164 Extra"]
[Source "ChessBase"]
[SourceDate "2015.03.02"]
[SourceVersion "1"]
[SourceVersionDate "2015.03.02"]
[SourceQuality "1"]

1. d4 Nf6 2. Bg5 Ne4 3. Bf4 c5 4. f3 Qa5+ 5. c3 Nf6 6. Nd2 cxd4 7. Nb3 Qb6 8. Qxd4 Nc6 9. Qxb6 axb6 10. e4 e5 11. Bg5 d5 12. Bxf6 gxf6 13. exd5 Ne7 14. Bb5+ Bd7 15. Bxd7+ Kxd7 16. c4 Nf5 17. Ke2 Bh6 18. Kd3 Rhc8 19. Nd2 Bxd2 20. Kxd2 Rxc4 21. Ne2 Rac8 22. Nc3 b5 23. Rhc1 Nd6 24. Ne4 Nxe4+ 25. fxe4 Rxc1 26. Rxc1 Rxc1 27. Kxc1 f5 28. exf5 Kd6 29. Kd2 Kxd5 30. Ke3 f6 31. g4 e4 32. a3 Ke5 33. h3 Kd5 34. Kf4 b6 35. h4 Kd4 36. g5 fxg5+ 37. Kxg5 e3 38. f6 e2 39. f7 e1Q 40. f8Q Qg3+ 41. Kf6 Qf4+ 42. Kg7 Qxf8+ 43. Kxf8 Kc4 44. h5 Kb3 45. h6 Kxb2 46. Kg7 Kxa3 47. Kxh7 b4 48. Kg7 b3 49. h7 b2 50. h8Q b1Q 51. Qa8+ Kb4 52. Qf8+ Kc4 53. Qf7+ Kb5 54. Qd5+ Kb4 55. Qd4+ Ka3 56. Qc3+ Qb3 57. Qa1+ Kb4 58. Qd4+ Ka5 59. Qd2+ Qb4 60. Qa2+ Kb5 61. Qd5+ Qc5 62. Qb3+ Kc6 63. Qe6+ Kb7 64. Qe4+ Qc6 65. Qb1 b5 66. Kf7 Qd5+ 67. Ke7 Kb6 68. Qb2 Qc5+ 69. Kd7 Qf5+ 70. Kd6 Qg6+ 71. Kd7 Qc6+ 72. Ke7 Qc5+ 73. Kd7 b4 74. Qf6+ Kb5 75. Qf1+ Qc4 76. Qf5+ Ka4 77. Qb1 b3 78. Qa1+ Kb4 79. Qe1+ Kc5 80. Qe7+ Kd4 81. Qf6+ Kd3 82. Qf1+ Kd4 83. Qf2+ Kc3 84. Qe1+ Kb2 85. Qd2+ Qc2 86. Qd4+ Kc1 87. Qa1+ Kd2 88. Qa5+ Qc3 89. Qg5+ Kc2 90. Ke8 b2 91. Qf5+ Kd2 92. Qf2+ Kd3 93. Qf5+ Ke2 94. Qb5+ Ke3 95. Qg5+ Kd4 96. Qf6+ Kc4 97. Qe6+ Kb5 98. Qd5+ Qc5 99. Qb3+ Qb4 100. Qd5+ Kb6 101. Qd8+ Kb5 102. Qd5+ Kb6 103. Qd8+ Kb7 104. Qd5+ Ka7 105. Qd7+ Ka8 106. Qd5+ Qb7 107. Qa5+ Kb8 108. Qe5+ Ka7 109. Qa5+ Qa6 110. Qc7+ Ka8 111. Qd8+ Kb7 112. Qd7+ Kb8 113. Qf5 Qc8+ 0-1

[Event "Manavgat Turkey Cup"]
[Site "Manavgat"]
[Date "2015.01.31"]
[Round "1"]
[White "Esti, Kubra Selenay"]
[Black "Karayel, Atagun"]
[Result "0-1"]
[WhiteElo "1422"]
[BlackElo "1910"]
[PlyCount "50"]
[EventDate "2015.01.31"]
[EventType "swiss"]
[EventRounds "11"]
[EventCountry "TUR"]
[SourceTitle "CBM 164 Extra"]
[Source "ChessBase"]
[SourceDate "2015.03.02"]
[SourceVersion "1"]
[SourceVersionDate "2015.03.02"]
[SourceQuality "1"]

1. e4 e5 2. Nf3 Nf6 3. Nc3 Bb4 4. Nd5 Nxd5 5. exd5 0-0 6. Bc4 e4 7. Nd4 Qf6 8. Nb5 d6 9. 0-0 Qg6 10. Nxc7 Bh3 11. g3 Rc8 12. Nxa8 Rxc4 13. c3 Nd7 14. b3 Rc8 15. cxb4 Ne5 16. f4 exf3 17. d4 Bg4 18. dxe5 f2+ 19. Kxf2 Bxd1 20. Rxd1 Qh5 21. Be3 Qxh2+ 22. Kf3 Rc2 23. Rd2 Rxd2 24. Bxd2 Qxd2 25. Ke4 Qe2+ 0-1

[Event "TUR-chT2"]
[Site "Konya"]
[Date "2014.06.25"]
[Round "4.4"]
[White "Karayel, Atagun"]
[Black "Miyak, Burak"]
[Result "1/2-1/2"]
[WhiteElo "1940"]
[BlackElo "2095"]
[PlyCount "49"]
[EventDate "2014.06.23"]
[EventType "team-swiss"]
[EventRounds "9"]
[EventCountry "TUR"]
[SourceTitle "CBM 161 Extra"]
[Source "ChessBase"]
[SourceDate "2014.08.29"]
[SourceVersion "1"]
[SourceVersionDate "2014.08.29"]
[SourceQuality "1"]
[WhiteTeam "Karaman Belediye"]
[BlackTeam "Burdur"]
[WhiteTeamCountry "TUR"]
[BlackTeamCountry "TUR"]

1. d4 Nf6 2. c4 e6 3. Nc3 Bb4 4. e3 0-0 5. Bd3 d5 6. Nge2 b6 7. cxd5 exd5 8. 0-0 Bb7 9. a3 Bd6 10. Ng3 Re8 11. Qc2 a6 12. b4 Nbd7 13. Rb1 g6 14. f3 Nf8 15. Qf2 Ne6 16. Nce2 h5 17. e4 h4 18. Nf5 gxf5 19. e5 Be7 20. exf6 Bxf6 21. Bxf5 Bc6 22. Bd3 Bb5 23. Bxb5 axb5 24. f4 Qe7 25. Rb3 1/2-1/2

[Event "FICGS rapid A 000151 email"]
[Site "FICGS email"]
[Date "2013.10.26"]
[Round "1"]
[White "Dialfonso, Darren"]
[Black "Karayel, Atagun"]
[Result "1-0"]
[WhiteElo "2000"]
[BlackElo "1931"]
[PlyCount "45"]
[EventDate "2013.??.??"]
[EventType "tourn (rapid)"]
[EventRounds "6"]
[SourceTitle "Corr 2022"]
[Source "ChessBase"]
[SourceDate "2021.10.24"]
[SourceVersion "1"]
[SourceVersionDate "2021.10.24"]
[SourceQuality "1"]

1. d4 d5 2. c4 c6 3. Nf3 Nf6 4. Nc3 e6 5. Bg5 h6 6. Bxf6 Qxf6 7. e3 Nd7 8. Bd3 dxc4 9. Bxc4 g6 10. 0-0 Bg7 11. Qc2 0-0 12. Ne4 Qe7 13. Bb3 e5 14. Ng3 Kh8 15. Rac1 f5 16. Ne2 a5 17. a4 e4 18. Nd2 Nf6 19. Nf4 Kh7 20. Qc5 Qxc5 21. Rxc5 Nd7 22. Rc3 Nb6 23. f3 1-0

[Event "Istanbul op-A 12th"]
[Site "Istanbul"]
[Date "2013.10.18"]
[Round "9"]
[White "Yurtseven, Melih"]
[Black "Karayel, Atagun"]
[Result "1-0"]
[WhiteElo "2268"]
[BlackElo "1931"]
[PlyCount "75"]
[EventDate "2013.10.12"]
[EventType "swiss"]
[EventRounds "9"]
[EventCountry "TUR"]
[SourceTitle "EXT 2014"]
[Source "ChessBase"]
[SourceDate "2013.11.20"]
[SourceVersion "1"]
[SourceVersionDate "2013.11.20"]
[SourceQuality "1"]

1. e4 e5 2. Nf3 Nc6 3. Bb5 a6 4. Ba4 Nf6 5. 0-0 Be7 6. Re1 b5 7. Bb3 d6 8. c3 0-0 9. h3 Na5 10. Bc2 c5 11. d4 Qc7 12. d5 c4 13. b4 cxb3 14. axb3 Bd7 15. Ba3 Bd8 16. Re3 Qb8 17. Nh2 g6 18. g4 Ne8 19. Rg3 Qc8 20. Bc1 Nb7 21. Bh6 Ng7 22. Nf1 Be7 23. Ne3 Kh8 24. Ng2 Nd8 25. h4 f6 26. h5 g5 27. Ne3 Nf7 28. Bxg7+ Kxg7 29. Nf5+ Bxf5 30. exf5 Qb7 31. Nd2 Rfc8 32. Ne4 Bd8 33. Qd2 Bb6 34. h6+ Kxh6 35. Nxf6 Rh8 36. Nh5 e4 37. Rh3 Qe7 38. f6 1-0

[Event "FICGS rapid A 000149 email"]
[Site "FICGS email"]
[Date "2013.10.07"]
[Round "1"]
[White "Karayel, Atagun"]
[Black "Wilson, Norman"]
[Result "0-1"]
[WhiteElo "1931"]
[BlackElo "2043"]
[PlyCount "72"]
[EventDate "2013.??.??"]
[EventType "tourn (rapid)"]
[EventRounds "6"]
[SourceTitle "Corr 2022"]
[Source "ChessBase"]
[SourceDate "2021.10.24"]
[SourceVersion "1"]
[SourceVersionDate "2021.10.24"]
[SourceQuality "1"]

1. Nf3 Nf6 2. d4 e6 3. e3 c5 4. Bd3 d5 5. b3 Nc6 6. 0-0 cxd4 7. exd4 Be7 8. Re1 0-0 9. c4 b6 10. Nc3 dxc4 11. bxc4 Bb7 12. Bb2 Nb4 13. Be2 Rc8 14. Ne5 Nc6 15. Bf3 Nxe5 16. Bxb7 Nxc4 17. Bxc8 Nxb2 18. Qc2 Qxd4 19. Ba6 Qb4 20. a4 Qa5 21. Bf1 Bb4 22. Rec1 Rc8 23. Qxb2 Rxc3 24. Rxc3 Bxc3 25. Rc1 Nd5 26. Qb5 Qxb5 27. axb5 Bb4 28. Rc8+ Bf8 29. Bc4 Ne7 30. Ra8 g6 31. Rxa7 Nf5 32. g4 Nd4 33. f4 h6 34. Kg2 Bc5 35. Rc7 Kf8 36. Rd7 Ke8 0-1

[Event "FICGS rapid A 000149 email"]
[Site "FICGS email"]
[Date "2013.10.07"]
[Round "1"]
[White "Sorcinelli, Andrea"]
[Black "Karayel, Atagun"]
[Result "1/2-1/2"]
[WhiteElo "1994"]
[BlackElo "1931"]
[PlyCount "68"]
[EventDate "2013.??.??"]
[EventType "tourn (rapid)"]
[EventRounds "6"]
[SourceTitle "Corr 2022"]
[Source "ChessBase"]
[SourceDate "2021.10.24"]
[SourceVersion "1"]
[SourceVersionDate "2021.10.24"]
[SourceQuality "1"]

1. e4 e5 2. Nf3 Nc6 3. Bb5 a6 4. Ba4 Nf6 5. 0-0 Be7 6. Re1 b5 7. Bb3 d6 8. c3 0-0 9. h3 Na5 10. Bc2 c5 11. d4 Qc7 12. Nbd2 Nc6 13. d5 Nd8 14. a4 Rb8 15. axb5 axb5 16. b4 Bd7 17. Nf1 Nb7 18. Bd3 Ra8 19. Be3 c4 20. Bc2 Rfb8 21. Ba7 Rc8 22. Ng3 Nd8 23. Be3 Qb7 24. Qd2 Ne8 25. Kh2 Rxa1 26. Rxa1 Ra8 27. Rxa8 Qxa8 28. Ne1 f6 29. f4 Nf7 30. f5 Bd8 31. h4 g6 32. Nf1 Bc8 33. g4 Qa6 34. Nf3 Bb6 1/2-1/2

[Event "Istanbul op-A 11th"]
[Site "Istanbul"]
[Date "2012.09.05"]
[Round "6"]
[White "Karayel, Atagun"]
[Black "Mecit, Emre"]
[Result "0-1"]
[WhiteElo "1944"]
[BlackElo "2062"]
[PlyCount "74"]
[EventDate "2012.08.30"]
[EventType "swiss"]
[EventRounds "9"]
[EventCountry "TUR"]
[SourceTitle "CBM 150 Extra"]
[Source "ChessBase"]
[SourceDate "2012.10.19"]
[SourceVersion "1"]
[SourceVersionDate "2012.10.19"]
[SourceQuality "1"]

1. c4 g6 2. Nc3 Bg7 3. g3 Nf6 4. Bg2 0-0 5. d4 c5 6. d5 d6 7. Nf3 a6 8. a4 e6 9. 0-0 exd5 10. cxd5 Re8 11. Nd2 Nbd7 12. Nc4 Ne5 13. Na3 Rb8 14. h3 Nh5 15. Kh2 f5 16. f4 b5 17. axb5 axb5 18. Ncxb5 Ba6 19. Qa4 Bxb5 20. Nxb5 Nf7 21. e4 fxe4 22. g4 Nf6 23. Nc3 Nxg4+ 24. hxg4 Qh4+ 25. Bh3 Ng5 26. fxg5 Be5+ 27. Kg1 Qg3+ 28. Bg2 Bd4+ 29. Qxd4 cxd4 30. Ne2 Qxg4 31. Nxd4 e3 32. Ne6 e2 33. Re1 Rxe6 34. dxe6 Qd4+ 35. Be3 Qxe3+ 36. Kh2 Rb4 37. Bf3 Qf2+ 0-1

[Event "Kemerovo"]
[Site "Kemerovo"]
[Date "2007.08.10"]
[Round "7"]
[White "Sazhinov, Alexander"]
[Black "Karayel, Atagun"]
[Result "0-1"]
[WhiteElo "2270"]
[BlackElo "1963"]
[PlyCount "82"]
[EventDate "2007.08.06"]
[EventType "tourn"]
[EventRounds "11"]
[EventCountry "RUS"]
[SourceTitle "CBM 119 Extra"]
[Source "ChessBase"]
[SourceDate "2007.09.04"]
[SourceVersion "1"]
[SourceVersionDate "2007.09.04"]
[SourceQuality "1"]

1. d4 Nf6 2. Bg5 d6 3. c4 Nbd7 4. Nc3 e5 5. g3 Be7 6. Bg2 c6 7. e3 h6 8. Bxf6 Nxf6 9. Nge2 0-0 10. 0-0 Bg4 11. h3 Be6 12. d5 cxd5 13. cxd5 Bd7 14. Qb3 Qb6 15. Rfc1 Rfc8 16. g4 Rc5 17. Ne4 Rb5 18. Nxf6+ Bxf6 19. Qa4 Rd8 20. b3 Rxd5 21. Qe4 Rd2 22. Nc3 Bc6 23. Qf5 Bh4 24. Bxc6 Bxf2+ 25. Kf1 Bxe3 26. Ne4 Qa6+ 27. Rc4 bxc6 28. Nxd2 d5 29. Qd3 Bxd2 30. Rc3 Qxd3+ 31. Rxd3 Bf4 32. Re1 Rc8 33. Re2 e4 34. Rd4 Kf8 35. Rb4 Rc7 36. Rb8+ Ke7 37. b4 e3 38. Rb2 d4 39. b5 d3 40. Rb4 e2+ 41. Kf2 Bg3+ 0-1

[Event "Kemerovo"]
[Site "Kemerovo"]
[Date "2007.08.09"]
[Round "5"]
[White "Pokazanjev, Nikolai"]
[Black "Karayel, Atagun"]
[Result "1-0"]
[WhiteElo "2443"]
[BlackElo "1963"]
[PlyCount "75"]
[EventDate "2007.08.06"]
[EventType "tourn"]
[EventRounds "11"]
[EventCountry "RUS"]
[SourceTitle "CBM 119 Extra"]
[Source "ChessBase"]
[SourceDate "2007.09.04"]
[SourceVersion "1"]
[SourceVersionDate "2007.09.04"]
[SourceQuality "1"]

1. e4 e5 2. Nf3 Nc6 3. Bb5 Nge7 4. 0-0 g6 5. c3 Bg7 6. d4 exd4 7. cxd4 a6 8. Ba4 b5 9. Bb3 d6 10. h3 0-0 11. Nc3 Na5 12. Bc2 Bb7 13. Re1 c5 14. Bg5 h6 15. Bh4 g5 16. Bg3 Nc4 17. b3 Na3 18. Bd3 cxd4 19. Ne2 Qb6 20. Qd2 b4 21. h4 f5 22. exf5 Bxf3 23. hxg5 Bxe2 24. Qxe2 Be5 25. gxh6 Rf7 26. h7+ Kg7 27. Qg4+ Kh8 28. Rxe5 dxe5 29. Bxe5+ Rf6 30. Qg5 Raf8 31. Re1 Nd5 32. Re4 Qb7 33. Rxd4 Qf7 34. Rxd5 Qxd5 35. Bxf6+ Rxf6 36. Qxf6+ Kxh7 37. Qg6+ Kh8 38. f6 1-0